00557nam a22001577a 450000500170000000800410001702000180005804000100007608200200008610000160010624500450012226000440016730000260021150000270023765001350026420260303123348.0260303b |||||||| |||| 00| 0 eng d a9789387791169 cVITAP 223a780.954 RAV aRavi, N Ed. aThe Hindu Speaks on Musicc/ N. Ravi Ed. aChennaibTHG Publishing Pvt. Ltd.c2018 axvi, 656p, ill.: 21cm aIt include index pages 0aCarnatic Music, Hindustani Classical Music, Music Personalities, Music Criticism & Reviews, Music Theory & Forms, Instruments etc.